000 00724nam a2200205 4500
001 146322
003 ES-MaACL
005 20230906201507.0
007 t|
008 070906s1965 sp ||||1| spa d
080 _a394:248.153.8(461.11)
080 _a914.4+914.6 Camino de Santiago
100 1 _aTorroba Bernaldo de Quirós, Felipe.
_9111053
245 1 0 _aRetablo estelar del Apóstol
_b: El Camino de Santiago /
_cFelipe Torroba Bernaldo de Quirós.
260 _aMadrid :
_b[Rivadeneyra],
_c1965.
300 _a416 p., 1 map. pleg. :
_bil. ;
_c17 cm.
650 4 _aPeregrinaciones cristianas-
_zSantiago de Compostela.
_915937
651 4 _aCamino de Santiago-
_xDescripción.
_97931
852 4 _aES-MaACL
_jC-21664
999 _c146322
_d146322